000 00318nam a2200109Ia 4500
008 171211s9999 xx 000 0 und d
245 _aBlue-Ribbon Papers: Behind the Professional Mask
245 _cNorman K. Denzin
260 _c2012
650 _xBiography
856 _uhttp://down.ebook777.com/065/9781780527468.pdf
999 _c349887
_d349887